00551nam a2200121Ia 4500008003700000041000800037080002200045245024400067300001700311650005900328003000900387040003300396180921t xxu||||| ||||o00| 0 eng d aeng aVol.1 1707 - 1879 aordinances : No.24 of 1884. An ordinance Amend ordinance No.7 of 1853, Entitled"An ordinance For Regulating The Due Collection.Administration, And Distribution of Insolvent Estates." (See Section 199 of " The Civil Procedure Code,1889,") ap.278, 23 cm aOrdinancesaInsolvent Estates.Temple Lands (Kandyan ).LK-CoDNM aLK-CoDNMdLK-CoDNMeLK-CoDNM